| 000 | 01447nam a2200181Ia 4500 | ||
|---|---|---|---|
| 008 | 151202s9999||||xx |||||||||||||| ||und|| | ||
| 082 | _bPNVM-71751 | ||
| 100 | _aजोशी हणमंत नरहर कवि सुधांशु औदुंबर ता भिलवडी जि सांगली. | ||
| 245 | _aनारायणानंदतीर्थ औदुंबर चरितामृत मराठी ओवीबद्ध आडवी पोथी रंगीत चित्रे 2. | ||
| 260 | _bश्रीगुरुशिवशंकरानंद आश्रम औदुंबर जि सांगली. | ||
| 260 | _c7175 | ||
| 300 | _a235 | ||
| 600 | _aजोशी हणमंत नरहर कवि सुधांशु औदुंबर ता भिलवडी जि सांगली. | ||
| 630 | _aनारायणानंदतीर्थ औदुंबर चरितामृत मराठी ओवीबद्ध आडवी पोथी रंगीत चित्रे 2. | ||
| 700 | _aजोशी हणमंत नरहर कवि सुधांशु औदुंबर ता भिलवडी जि सांगली. | ||
| 730 | _aनारायणानंदतीर्थ औदुंबर चरितामृत मराठी ओवीबद्ध आडवी पोथी रंगीत चित्रे 2. | ||
| 942 | _cBOOK | ||
| 999 |
_c1338420 _d1338417 |
||